Dynamics of change (Record no. 12902)
[ view plain ]
| 000 -LEADER | |
|---|---|
| fixed length control field | 00579nam a2200145Ia 4500 |
| 082 ## - DEWEY DECIMAL CLASSIFICATION NUMBER | |
| Classification number | RD.0212 |
| 100 ## - MAIN ENTRY--AUTHOR NAME | |
| Personal name | Dandekar, Vandana S. |
| Affiliation | Intamanrao college of commerece |
| Place | Sangli, Maharashtra |
| 245 #0 - TITLE STATEMENT | |
| Title | Dynamics of change |
| Sub Title | : a socio-economic perspective of students at the entry point of M.B.B.S. education |
| 260 ## - PUBLICATION, DISTRIBUTION, ETC. (IMPRINT) | |
| Year of publication | 2008 |
| Name of publisher/Sponsor | Indian Council of Social Science Research |
| Place of publication | New Delhi |
| 300 ## - PHYSICAL DESCRIPTION | |
| Number of Pages | 448p |
| 504 ## - BIBLIOGRAPHY, ETC. NOTE | |
| Bibliography, etc | includes appendix and bibliography |
| 650 ## - SUBJECT ADDED ENTRY--TOPICAL TERM | |
| Topical Term | Education |
| Form subdivision | Economic aspects |
| Geographic subdivision | Maharashtra |
| 650 ## - SUBJECT ADDED ENTRY--TOPICAL TERM | |
| Topical Term | Students |
| Form subdivision | Socio-economic status |
| Geographic subdivision | Maharashtra |
| 942 ## - ADDED ENTRY ELEMENTS (KOHA) | |
| Koha item type | Research Reports |
| Source of classification or shelving scheme | Dewey Decimal Classification |
| Withdrawn status | Lost status | Damaged status | Not for loan | Collection code | Home library | Current library | Date acquired | Source of acquisition | Bill Date | Full call number | Accession Number | Price effective from | Koha item type |
|---|---|---|---|---|---|---|---|---|---|---|---|---|---|
| Not For Loan | Minor Research project Reports | NASSDOC Library | NASSDOC Library | 13/10/2008 | Gifted by : R P Division, ICSSR | 2008-09-10 | RD.0212 | 44622 | 18/04/2019 | Research Reports |
